Špecifiká tvorby podnikateľského plánu v podnikoch služieb diplomová práca

Saved in:
Bibliographic Details
Main Author: Trojanovská, Veronika
Corporate Author: Podnikovohospodárska fakulta EU so sídlom v Košiciach. Katedra obchodného podnikania
Other Authors: Stričík, Michal, 1969-
Format: Book
Language:Slovak
Published: Košice 2024
Tags: Add Tag
No Tags, Be the first to tag this record!

MARC

LEADER 00000nbm a2200000 4500
001 0301409
005 20250120142219.7
041 0 |a slo 
044 |a SK 
245 1 0 |a Špecifiká tvorby podnikateľského plánu v podnikoch služieb  |b diplomová práca  |c Veronika Trojanovská ; školiteľ: Michal Stričík 
264 1 |a Košice  |c 2024 
300 |a 65 s. 
100 1 |a Trojanovská, Veronika 
700 1 |a Stričík, Michal, 1969- 
710 2 |a Podnikovohospodárska fakulta EU so sídlom v Košiciach. Katedra obchodného podnikania